El referendo en América Latina: diseños institucionales y equilibrios de poder /
El debate acerca de los mecanismos de democracia directa en América Latina está dividido entre quienes los critican como instrumentos de manipulación y aquellos que los defienden como vías para ejercer la soberanía ciudadana. Este artículo busca mostrar la complejidad de un fenómeno incipiente, como...
保存先:
| 第一著者: | |
|---|---|
| フォーマット: | テキスト |
| 主題: | |
| タグ: |
タグ追加
タグなし, このレコードへの初めてのタグを付けませんか!
|
MARC
| LEADER | 00000 a a2200000 04500 | ||
|---|---|---|---|
| 001 | 44918 | ||
| 003 | |||
| 040 | |||
| 100 | |a Welp, Yanina | ||
| 245 | |a El referendo en América Latina: |b diseños institucionales y equilibrios de poder / |c Yanina Welp | ||
| 520 | |a El debate acerca de los mecanismos de democracia directa en América Latina está dividido entre quienes los critican como instrumentos de manipulación y aquellos que los defienden como vías para ejercer la soberanía ciudadana. Este artículo busca mostrar la complejidad de un fenómeno incipiente, como los referendos, y la responsabilidad de los actores implicados. | ||
| 590 | |a RRH/JUNIO2013 | ||
| 650 | |a INTEGRACION ECONOMICA | ||
| 650 | |a POLITICA | ||
| 650 | |a RELACIONES INTERNACIONALES | ||
| 650 | |a COMERCIO INTERNACIONAL | ||
| 650 | |a AMERICA LATINA | ||
| 773 | |g número228 (2010), páginas 26-42 : tabla, gráfico | ||
| 999 | |c 25885 |d 25885 | ||
